Statistics for Gorgeous - Taylor Swift (All Lyrics)

Click here to take the quiz!

General Stats

  • This quiz has been taken 44 times
  • The average score is 383 of 439

Answer Stats

Lyrics% Correct
You
100%
you
100%
you,
100%
you)
100%
a
97%
Gorgeous
97%
gorgeous
97%
Gorgeous)
97%
(Gorgeous)
97%
gorgeous,
97%
(I
97%
I
97%
in
97%
it
97%
(And)
94%
and
94%
And
94%
But
94%
but
94%
(But
94%
look
94%
(Look
94%
mine
94%
so
94%
That
94%
that
94%
the
94%
to
94%
(To
94%
your
94%
you're
94%
You're
94%
as
91%
can
91%
can't
91%
make
91%
me
91%
should
91%
way
91%
way)
91%
(What
91%
what
91%
anything
88%
at
88%
At
88%
bein'
88%
blue
88%
'Cause
88%
compliment
88%
die
88%
don't
88%
eyes
88%
face)
88%
face
88%
for
88%
got
88%
hate
88%
(I'm
88%
I'm
88%
mad
88%
makes
88%
Of
88%
of
88%
take
88%
than
88%
boyfriend,
85%
club
85%
doin'
85%
drown
85%
(Feel
85%
feel
85%
furious
85%
furious)
85%
He's
85%
he's
85%
know
85%
little
85%
makin'
85%
much
85%
much)
85%
my
85%
Ocean
85%
older
85%
on
85%
say
85%
say)
85%
say?
85%
sink
85%
talk
85%
think
85%
this
85%
too
85%
us
85%
about
82%
back
82%
field
82%
girlfriend,
82%
her
82%
ice,
82%
if
82%
If
82%
made
82%
magnetic
82%
might
82%
Sunset
82%
Whisky
82%
consequence
79%
drunk
79%
have
79%
have)
79%
jealous
79%
lookin'
79%
not
79%
single,
79%
strong
79%
dark
76%
(Dark
76%
fun
76%
honestly
76%
hurts)
76%
hurts
76%
I'll
76%
just
76%
life
76%
like
76%
more
76%
room
76%
room,
76%
room)
76%
sad)
76%
sad
76%
talkin'
76%
(Turns
76%
turns
76%
worse
76%
you've
76%
You've
76%
are
73%
by
73%
cats
73%
everyone
73%
hand
73%
happy
73%
here
73%
home
73%
ruined
73%
Vine
73%
actually
70%
alone
70%
cool,
70%
nothin'
70%
(Oh)
70%
stumble
70%
There's
70%
touchin'
70%
along
67%
come
67%
Guess
67%
that's
67%
Unless
67%
(Yeah)
67%
wanna
64%
darkened
61%
(Honey,
61%
making
55%
(Ugh)
33%
(Mmm)
24%

Score Distribution

Percentile by Number Answered

Percent of People with Each Score

Your Score History

You have not taken this quiz